Computer Applications: (Record no. 183973)

MARC details
000 -LEADER
fixed length control field 00583nam a22001817a 4500
005 - DATE AND TIME OF LATEST TRANSACTION
control field 20220110104640.0
010 ## - LCCN (DPL NO)
LC control number ENG-131036
020 ## - INTERNATIONAL STANDARD BOOK NUMBER
International Standard Book Number 10-SE-000-935
Terms of availability 300.00
035 ## - SYSTEM CONTROL NUMBER
System control number EN-114568
037 ## - SOURCE OF ACQUISITION
Source of stock number/acquisition DBAD
082 ## - DEWEY DECIMAL CLASSIFICATION NUMBER
Classification number 005.133
100 ## - MAIN ENTRY--PERSONAL NAME
Personal name Mehrotra, Dheeraj
245 ## - TITLE STATEMENT
Title Computer Applications:
Statement of responsibility, etc Dheeraj Mehrotra
Remainder of title With BlueJ Based Java Programming/
260 ## - PUBLICATION, DISTRIBUTION, ETC. (IMPRINT)
Place of publication, distribution, etc New Delhi
Name of publisher, distributor, etc S Chand School Books
Date of publication, distribution, etc 2022
270 ## - ADDRESS
City New Delhi
Address A-27, 2nd Floor, Mhan Co-operative Industrial Estate
Postal code 110044
300 ## - PHYSICAL DESCRIPTION
Extent 192p.
Dimensions 27cm(pbk)
942 ## - ADDED ENTRY ELEMENTS (KOHA)
Source of classification or shelving scheme Dewey Decimal Classification
Item type English Books
Classification part 005.133
Call number suffix MEH
Holdings
Withdrawn status Lost status Not for loan Collection code Home library Current library Date acquired Source of acquisition Cost, normal purchase price Full call number Barcode Copy number Cost, replacement price Koha item type
      Non-fiction Bawana Bawana 10/01/2022 DBAD/PUB 300.00 005.133 MEH EN-114568 1 300.00 English Books

© Delhi Public Library
Hit Counter
free hit counter